Las Iniciativas Locales de Ocupación en el sector de los SERvicios a las personas : siete años del programa ILOSER siete años del programa ILOSER
Publicado:
Barcelona :
Diputació de Barcelona. Àrea de Desarrollo Económico. Servicio de Mercado de Trabajo ,
2008
Descripción Física:
100 p. ; 29 cm
MARC
| LEADER | 00000nam a2200000Ia 4500 | ||
|---|---|---|---|
| 001 | 21782 | ||
| 008 | 160829s2008 xx 000 0 cat d | ||
| 080 | |a M-6-240 | ||
| 245 | |a Las Iniciativas Locales de Ocupación en el sector de los SERvicios a las personas : |b siete años del programa ILOSER | ||
| 260 | |a Barcelona : |b Diputació de Barcelona. Àrea de Desarrollo Económico. Servicio de Mercado de Trabajo, |c 2008 | ||
| 300 | |a 100 p. ; |c 29 cm | ||
| 590 | |a Bibliografia. | ||
| 590 | |a Hi ha un exemplar en català amb R. 21190 | ||
| 650 | 0 | |a Política d'ocupació |9 7017 | |
| 650 | 0 | |a Ocupació, Cerca d' |z Barcelona (Catalunya : Província) |9 49416 | |
| 650 | 0 | |a Programa Iloser |9 45851 | |
| 710 | |a Barcelona (Catalunya : Província). |b Servei de Mercat de Treball |9 52905 | ||
| 901 | |a Arxiu | ||
| 942 | |n 1 |2 udc | ||
| 952 | |0 0 |1 0 |4 0 |6 M6240 |7 1 |9 52838 |a Arxiu |b Arxiu |d 2016-12-01 |l 0 |o M-6-240 |p 21782 |r 2016-12-01 00:00:00 |w 2016-12-01 |y ARXIU | ||
| 999 | |c 56687 |d 56687 | ||